[Event "Prague Summer op-B 8th"]
[Site "Prague"]
[Date "2021.08.07"]
[Round "2"]
[White "Michel, Ladislav"]
[Black "Dreher, David"]
[Result "1/2-1/2"]
[WhiteElo "1678"]
[BlackElo "1888"]
[PlyCount "92"]
[EventDate "2021.08.06"]
[EventType "swiss"]
[EventRounds "9"]
[EventCountry "CZE"]
[SourceTitle "EXT 2022"]
[Source "ChessBase"]
[SourceDate "2021.10.06"]
[SourceVersion "1"]
[SourceVersionDate "2021.10.06"]
[SourceQuality "1"]

1. d4 f5 2. Bf4 Nf6 3. e3 e6 4. Nf3 Be7 5. h3 0-0 6. c4 d5 7. Nc3 c6 8. Qb3 Kh8 9. Ne5 Nbd7 10. Be2 Ne4 11. Rd1 Qe8 12. 0-0 Bf6 13. Nxd7 Qxd7 14. f3 Nxc3 15. bxc3 g5 16. Qa3 Qg7 17. Bd6 Rg8 18. g4 Bd7 19. Rb1 b6 20. Kg2 h5 21. Rfc1 h4 22. cxd5 exd5 23. Bd3 fxg4 24. fxg4 Rae8 25. Re1 Be7 26. e4 Bxd6 27. Qxd6 Re6 28. Qc7 Re7 29. exd5 cxd5 30. Rxe7 Qxe7 31. Qe5+ Qxe5 32. dxe5 Rc8 33. Rc1 Kg7 34. Bf5 Rc7 35. Bxd7 Rxd7 36. Rf1 d4 37. e6 Re7 38. cxd4 Rxe6 39. d5 Re2+ 40. Kf3 Re7 41. Rc1 Kf7 42. Rc6 Ke8 43. Rf6 Rf7 44. Rf5 Rg7 45. Ke4 Kd7 46. Kd4 Kd6 1/2-1/2

[Event "AUT-ch Vor4 Internet"]
[Site "Playchess.com INT"]
[Date "2020.04.25"]
[Round "2"]
[White "Dreher, David"]
[Black "Mostbauer, Maximilian"]
[Result "1-0"]
[WhiteElo "1888"]
[BlackElo "2217"]
[PlyCount "95"]
[EventDate "2020.04.25"]
[EventType "swiss (blitz)"]
[EventRounds "9"]
[EventCountry "AUT"]
[SourceTitle "EXT 2021"]
[Source "ChessBase"]
[SourceDate "2020.10.23"]
[SourceVersion "1"]
[SourceVersionDate "2020.10.23"]
[SourceQuality "1"]

1. d4 e6 2. Bf4 Nf6 3. e3 b6 4. c3 Bb7 5. Nf3 g6 6. Nbd2 Bg7 7. Be2 0-0 8. h3 Ne4 9. Nxe4 Bxe4 10. 0-0 d6 11. Nd2 Bb7 12. Bf3 Bxf3 13. Nxf3 Nd7 14. Bg3 Qe7 15. Rc1 a5 16. b3 Rfd8 17. c4 e5 18. dxe5 Nxe5 19. Bxe5 Bxe5 20. Nxe5 dxe5 21. Qc2 Rd6 22. Rcd1 Rad8 23. Rxd6 Qxd6 24. Rc1 Kg7 25. c5 Qd5 26. cxb6 cxb6 27. Qc6 Qd2 28. Qc7 Rd6 29. a4 h5 30. h4 e4 31. g3 Rf6 32. Rf1 Re6 33. Rc1 Rf6 34. Rf1 Qd3 35. Qc4 Rd6 36. Rc1 Qd2 37. Kg2 Rf6 38. Rf1 Qxe3 39. fxe3 Rxf1 40. Kxf1 f5 41. Qe6 b5 42. axb5 a4 43. bxa4 f4 44. gxf4 g5 45. Qe5+ Kf7 46. b6 gxf4 47. b7 fxe3 48. b8Q 1-0

[Event "AUT-ch Vor3 Internet"]
[Site "Playchess.com INT"]
[Date "2020.04.17"]
[Round "2"]
[White "Dreher, David"]
[Black "Kravanja, Georg"]
[Result "1/2-1/2"]
[WhiteElo "1888"]
[BlackElo "2199"]
[PlyCount "94"]
[EventDate "2020.04.17"]
[EventType "swiss (blitz)"]
[EventRounds "9"]
[EventCountry "AUT"]
[SourceTitle "CBM 195 Extra"]
[Source "ChessBase"]
[SourceDate "2020.05.31"]
[SourceVersion "1"]
[SourceVersionDate "2020.05.31"]
[SourceQuality "1"]

1. d4 Nf6 2. Bf4 g6 3. Nc3 d5 4. e3 Bg7 5. h4 0-0 6. h5 c5 7. hxg6 hxg6 8. Bh6 cxd4 9. Bxg7 Kxg7 10. exd4 Nc6 11. Qd2 Rh8 12. Rxh8 Qxh8 13. 0-0-0 Bg4 14. f3 Be6 15. Nge2 Rc8 16. Nf4 Nd8 17. g4 Qh4 18. Bg2 Qg3 19. Rh1 Rxc3 20. Nxe6+ fxe6 21. bxc3 Nf7 22. Rh3 Qd6 23. Bf1 a5 24. Bd3 a4 25. Qh2 Qb6 26. g5 Nxg5 27. Rg3 a3 28. Rxg5 Qb1+ 29. Kd2 Qb2 30. Rxg6+ Kf8 31. Qh6+ Ke8 32. Rxf6 exf6 33. Qxf6 Kd7 34. Qf7+ Kd6 35. Qf4+ Kd7 36. Qf7+ Kd6 37. Qf4+ Kd7 38. Qb8 Qxa2 39. Qxb7+ Kd6 40. Qb6+ Ke7 41. Qc7+ Kf6 42. Qe5+ Ke7 43. Qc7+ Kf6 44. Qd8+ Kf7 45. Qd7+ Kf6 46. Qd8+ Kf7 47. Qc7+ Kf6 1/2-1/2

[Event "AUT-ch Vor3 Internet"]
[Site "Playchess.com INT"]
[Date "2020.04.17"]
[Round "8"]
[White "Leisch, Lukas"]
[Black "Dreher, David"]
[Result "1-0"]
[WhiteElo "2362"]
[BlackElo "1888"]
[PlyCount "103"]
[EventDate "2020.04.17"]
[EventType "swiss (blitz)"]
[EventRounds "9"]
[EventCountry "AUT"]
[SourceTitle "CBM 195 Extra"]
[Source "ChessBase"]
[SourceDate "2020.05.31"]
[SourceVersion "1"]
[SourceVersionDate "2020.05.31"]
[SourceQuality "1"]

1. c4 f5 2. d4 Nf6 3. Nc3 e6 4. Qc2 d5 5. Nf3 c6 6. Bf4 Bd6 7. Bxd6 Qxd6 8. e3 0-0 9. Bd3 Bd7 10. c5 Qe7 11. Ne5 Be8 12. 0-0-0 Nbd7 13. f4 Ne4 14. Nxe4 fxe4 15. Be2 Nxe5 16. fxe5 b6 17. cxb6 axb6 18. Kb1 c5 19. Rhf1 Bd7 20. Rxf8+ Rxf8 21. Rf1 Rxf1+ 22. Bxf1 cxd4 23. exd4 Qb4 24. Qc3 Qxc3 25. bxc3 Kf8 26. Kc2 Ke7 27. Kb3 Kd8 28. Kb4 Kc7 29. c4 Bc6 30. g3 g5 31. c5 h6 32. h4 Be8 33. Bh3 gxh4 34. gxh4 Bf7 35. a4 Bg8 36. Kb5 bxc5 37. Kxc5 Bf7 38. Bg4 e3 39. Be2 Be8 40. a5 Bc6 41. a6 Ba8 42. Bb5 Bc6 43. Be2 Bd7 44. a7 Kb7 45. Kd6 Bc8 46. a8Q+ Kxa8 47. Kc7 Ka7 48. Kxc8 Kb6 49. Kd7 Ka5 50. Kxe6 Kb4 51. Kxd5 Kc3 52. Ke4 1-0

[Event "AUT-ch Vor2 Internet"]
[Site "Playchess.com INT"]
[Date "2020.04.13"]
[Round "2"]
[White "Dreher, David"]
[Black "Schroettner, Martin"]
[Result "1-0"]
[WhiteElo "1888"]
[BlackElo "1934"]
[PlyCount "93"]
[EventDate "2020.04.13"]
[EventType "swiss (blitz)"]
[EventRounds "9"]
[EventCountry "AUT"]
[SourceTitle "CBM 195 Extra"]
[Source "ChessBase"]
[SourceDate "2020.05.31"]
[SourceVersion "1"]
[SourceVersionDate "2020.05.31"]
[SourceQuality "1"]

1. d4 c6 2. Bf4 d5 3. e3 Nf6 4. c3 Bf5 5. Bd3 Bxd3 6. Qxd3 e6 7. Nf3 Be7 8. Nbd2 Nbd7 9. Ne5 a6 10. h3 Rc8 11. Rc1 c5 12. 0-0 0-0 13. a3 b5 14. Ndf3 c4 15. Qe2 Qb6 16. Bg5 Rfd8 17. Nxd7 Rxd7 18. Bxf6 Bxf6 19. e4 dxe4 20. Qxe4 a5 21. Ra1 b4 22. axb4 axb4 23. Ra4 bxc3 24. bxc3 Qb3 25. Ra8 Rdd8 26. Rxc8 Rxc8 27. Qe3 h6 28. Nd2 Qa2 29. Ne4 Be7 30. Re1 Rb8 31. Re2 Rb1+ 32. Kh2 Qb3 33. Nd2 Qb5 34. Nxb1 Qxb1 35. g3 Bd6 36. Kg2 Qb3 37. h4 Qb5 38. Qf3 Qb3 39. Qe3 Qb5 40. Ra2 Qb3 41. Ra8+ Bf8 42. Qf3 Qb6 43. Rc8 Qb5 44. Qc6 Qf5 45. Qa8 Kh7 46. Rxf8 Qd3 47. Qf3 1-0

[Event "AUT-ch Vor2 Internet"]
[Site "Playchess.com INT"]
[Date "2020.04.13"]
[Round "5"]
[White "Keim, Philipp"]
[Black "Dreher, David"]
[Result "0-1"]
[WhiteElo "1919"]
[BlackElo "1888"]
[PlyCount "34"]
[EventDate "2020.04.13"]
[EventType "swiss (blitz)"]
[EventRounds "9"]
[EventCountry "AUT"]
[SourceTitle "CBM 195 Extra"]
[Source "ChessBase"]
[SourceDate "2020.05.31"]
[SourceVersion "1"]
[SourceVersionDate "2020.05.31"]
[SourceQuality "1"]

1. Nf3 f5 2. c4 Nf6 3. Nc3 e6 4. d4 d5 5. e3 c6 6. Be2 Bd6 7. 0-0 0-0 8. Rb1 Bd7 9. Nd2 Be8 10. f3 Bg6 11. cxd5 exd5 12. e4 fxe4 13. fxe4 dxe4 14. Ncxe4 Nxe4 15. Bc4+ Kh8 16. Nxe4 Bxe4 17. Re1 Bxb1 0-1

[Event "Steyr Landesliga 1718"]
[Site "Austria"]
[Date "2017.09.30"]
[Round "1.7"]
[White "Dreher, David"]
[Black "Peinhopf, Max"]
[Result "1/2-1/2"]
[WhiteElo "1865"]
[BlackElo "2036"]
[PlyCount "39"]
[EventDate "2017.09.30"]
[EventType "team-tourn"]
[EventRounds "11"]
[EventCountry "AUT"]
[SourceTitle "CBM 181 Extra"]
[Source "ChessBase"]
[SourceDate "2017.12.12"]
[SourceVersion "1"]
[SourceVersionDate "2017.12.12"]
[SourceQuality "1"]
[WhiteTeam "Fuerstenfeld/Hartberg II"]
[BlackTeam "Ratten Krieglach"]
[WhiteTeamCountry "AUT"]
[BlackTeamCountry "AUT"]

1. e4 d5 2. exd5 Qxd5 3. Nc3 Qa5 4. Nf3 Nf6 5. h3 Bf5 6. Bb5+ c6 7. Bc4 e6 8. d4 Be7 9. 0-0 h6 10. Bd3 Bxd3 11. Qxd3 0-0 12. Ne4 Nbd7 13. c3 Rad8 14. Bf4 Nxe4 15. Qxe4 Nf6 16. Qc2 Bd6 17. Bxd6 Rxd6 18. Ne5 Rd5 19. b4 Qc7 20. a4 1/2-1/2